Hoàng Sa- Trường Sa Nghiên cứu từ sủ liệu Trung Quốc

সংরক্ষণ করুন:
গ্রন্থ-পঞ্জীর বিবরন
প্রধান লেখক: Phạm Hoàng Quân
বিন্যাস: গ্রন্থ
প্রকাশিত: TP. Hồ Chí Minh Văn hóa văn nghệ 2014
বিষয়গুলি:
ট্যাগগুলো: ট্যাগ যুক্ত করুন
কোনো ট্যাগ নেই, প্রথমজন হিসাবে ট্যাগ করুন!
Thư viện lưu trữ: Trung tâm Học liệu Lê Vũ Hùng, Trường Đại học Đồng Tháp
LEADER 00962pam a22003378a 4500
001 00035725
005 20171026081025.0
008 161227s2014 ||||||Viesd
020 # # |c 200000  |a 978 604 68 1443 6 
041 0 # |a Vie 
082 1 4 |a 320.150 959 7  |b H407S 
100 1 # |a Phạm Hoàng Quân 
245 1 0 |a Hoàng Sa- Trường Sa  |b Nghiên cứu từ sủ liệu Trung Quốc  |c Phạm, Hoàng Quân 
260 # # |a TP. Hồ Chí Minh  |b Văn hóa văn nghệ  |c 2014 
300 # # |a 392 tr.  |c 24 cm. 
653 # # |a Lãnh hải 
653 # # |a Quần đảo Hoàng Sa 
653 # # |a Quần đảo Trường Sa 
653 # # |a Chủ quyền 
852 # # |b Kho đọc  |j KD.0019279 
852 # # |j KD.0019279 
910 0 # |d 27/12/2016 
980 # # |a Trung tâm Học liệu Lê Vũ Hùng, Trường Đại học Đồng Tháp